Un mundo para Julius
Saved in:
| Hovedforfatter: | |
|---|---|
| Format: | Bog |
| Sprog: | spansk |
| Udgivet: |
Barcelona
Barral
1970
|
| Fag: | |
| Tags: |
Tilføj Tag
Ingen Tags, Vær først til at tagge denne postø!
|
MARC
| LEADER | 00000nam a2200000 a 4500 | ||
|---|---|---|---|
| 001 | UCQ6454 | ||
| 003 | CL-VaPUC | ||
| 008 | 981016e19700000SP |||||||||||||||||spa|d | ||
| 082 | 0 | 4 | |a Pe863 |b BRY |2 21 |
| 100 | 0 | |a Bryce Echenique, Alfredo |e author |9 420334 | |
| 245 | 1 | 3 | |a Un mundo para Julius |
| 300 | |a 591 p | ||
| 942 | |c BK | ||
| 945 | |d 19981016 00:00:00 |a crobeson | ||
| 260 | |a Barcelona |b Barral |c 1970 | ||
| 650 | 7 | |a NOVELAS PERUANAS |2 CL-VaPUC |9 420335 | |
| 650 | 0 | |a Literatura peruana |9 257452 | |
| 583 | |a last modification |c 19981016 00:00:00 |k Rodrigo Vera | ||
| 999 | |c 276411 |d 276409 | ||
| 952 | |0 0 |1 0 |4 0 |6 PE_863_000000000000000_BRY_1970 |7 0 |8 A |9 313627 |a BIBEDU |b BIBEDU |d 2019-11-20 |i 1481800 |o Pe863 BRY 1970 |p 1481800 |r 2019-11-20 |w 2019-11-20 |y BK |k LIT | ||